000
00253nam a2200109Ia 4500
008
220204s9999 xx 000 0 und d
082
_a
82-3
_b
NEF
100
_a
Nefzaoui, S
245
0
_a
Perfumed garden
260
_a
New Delhi
_b
Arnold
_c
1977
942
_c
BK
999
_c
32279
_d
32279